000 02039nam a22002537a 4500
001 6684
003 FISKH
005 20250521085210.0
008 250521b cb ||||| |||| 00| 0 eng d
020 _a97899963332558
040 _aFISKH
_bkhr
_cFISKH
_dFISKH
082 _a800
100 _aSokheng, Kong
245 _aសិក្សាអត្ថបទអក្សរសិល្ប៏បរទេស :
_bសម្រាប់ថ្នាក់មធ្យមសិក្សាចំណេះទូទៅ ស្របតាមកម្មវិធីសិក្សាថ្មីរបស់ក្រសួងអប់រំ /
_cរៀបរៀងដោយ​លោក គង់ សុខហេង
250 _aបោះពុម្ពលើកទី១
260 _aភ្នំពេញ :
_bប៉ៃ ណែត ,
_c២០១២ .
300 _a191 pages :
_billustrations ;
_c21 cm .
520 _aសៀវភៅនេះផ្តល់ការពិចារណាអំពីអត្ថបទអក្សរសិល្ប៍បរទេសដែលមានសារៈសំខាន់ក្នុងការសិក្សា និងការយល់ដឹងអំពីវប្បធម៌ និងសង្គមនានា។ វាបង្ហាញពីការវិភាគអត្ថន័យ និងបរិបទនៃស្នាដៃអក្សរសិល្ប៍ ដើម្បីជួយសិស្សក្នុងការយល់ដឹង និងការវិភាគអត្ថបទ។
520 _a"This book offers reflections on foreign literary texts that are important for study and understanding of various cultures and societies. It presents analysis of the meaning and context of literary works to help students better understand and interpret the texts."
650 _aអ៊ុយលីសវិលវិញ
_vអក្សរសិល្ប៏បរទេស
650 _aUy Lis vil veng
_vForeign Literature
942 _2ddc
_cKHB
_n0
999 _c6684
_d6684